00789nam a2200181 a 450000100100000000500170001000800410002704000250006811000410009324500650013426000450019930000200024450000630026459000760032704900090040395201780041299900170059000003084320200930062538.0110531s1985 dr a 000 0 spa d aDO-SdBNPbspacBNPHU1 aTavárez Jeréz, Ramón A.95738510aLuces de una vida :bpoemas /cRamón A. Tavárez Jeréz. aSanto Domingo :bEditorial RAYDE,c1985. a78 p. ;c19 cm. aIncluye datos biográficos del autor en la contracubierta aPerteneció a la biblioteca personal de Juan Isidro Jimenes Grullón. aBNPD 0010718PDaPDbPDcCTd2011-05-31iLF1l0o p30843-10r2020-06-25w2020-06-25yLFPDzPerteneció a la biblioteca personal de Juan Isidro Jimenes Grullón.ZNo se presta c30335d30335